| 000 | 00800nam a2200253 i 4500 | ||
|---|---|---|---|
| 001 | bg | ||
| 100 | 1 | _aBRENNER, Susanne C. | |
| 245 | 1 | 0 |
_aThe mathematical theory of finite element methods / _cSusanne C. Brenner, L. Ridgway Scott. |
| 260 |
_aNew York [i in.] : _bSpringer Verl., _c1994. |
||
| 300 |
_aXII, 294 s. : _brys. ; _c25 cm. |
||
| 490 | 1 |
_aTexts in Applied Mathematics ; _v15 |
|
| 504 | _aBibliogr. s. 287-290. Indeks. | ||
| 650 | 9 |
_aMetoda elementów skończonych _xmatematyka _xmetody |
|
| 650 | 9 |
_aAnaliza numeryczna _xstosowanie |
|
| 700 | 1 | _aSCOTT, L. Ridgway | |
| 830 | _aTexts in Applied Mathematics ; | ||
| 020 | _a0387941932 | ||
| 040 | _cBPK | ||
| 041 | 0 | _aen | |
| 080 | _a519.6 | ||
| 920 | _a0-387-94193-2 | ||
| 942 | _cKS | ||
| 008 | s pl f |000 0 pol | ||
| 999 |
_c30196 _d30196 |
||
| 856 |
_uhttp://koha.tu.koszalin.pl/cgi-bin/koha/opac-detail.pl?biblionumber=30196 _yKatalog online BPK |
||